An investigation into labour abuses at Chinese firms on the Copperbelt: a case of China non-ferrous metals mining corporation (Record no. 48189)

MARC details
000 -LEADER
fixed length control field 00845nam a2200181 a 4500
008 - FIXED-LENGTH DATA ELEMENTS--GENERAL INFORMATION
fixed length control field 140205s2013 ||||||||||||||||| || u
050 ## - LIBRARY OF CONGRESS CALL NUMBER
Classification number THESIS/MUL
100 ## - MAIN ENTRY--PERSONAL NAME
Personal name Mulalabungu, Shirley
245 13 - TITLE STATEMENT
Title An investigation into labour abuses at Chinese firms on the Copperbelt: a case of China non-ferrous metals mining corporation
Statement of responsibility, etc. by Shirley Mulalabungu
260 ## - PUBLICATION, DISTRIBUTION, ETC.
Place of publication, distribution, etc. Kitwe:
Name of publisher, distributor, etc. Copperbelt University
Date of publication, distribution, etc. 2013
300 ## - PHYSICAL DESCRIPTION
Extent xii, various pagings: ill.
362 1# - DATES OF PUBLICATION AND/OR SEQUENTIAL DESIGNATION
Dates of publication and/or sequential designation <p>MA Human Resources Management (MA HRM)</p>
500 ## - GENERAL NOTE
General note Bibliography
650 ## - SUBJECT ADDED ENTRY--TOPICAL TERM
Topical term or geographic name entry element LABOUR ABUSES
650 ## - SUBJECT ADDED ENTRY--TOPICAL TERM
Topical term or geographic name entry element LABOUR GRIEVANCES
650 ## - SUBJECT ADDED ENTRY--TOPICAL TERM
Topical term or geographic name entry element CHINESE LABOUR ABUSES--CHINA NON-FERROUS METALS MINING CORPORATION--COPPERBELT PROVINCE, ZAMBIA
995 ## - RECOMMENDATION 995 [LOCAL, UNIMARC FRANCE]
-- CBU-MAIN LIBRARY (Kitwe)
-- 1
-- AVAILABLE
-- Feb 5, 2014
-- University Collection
Holdings
Withdrawn status Lost status Source of classification or shelving scheme Damaged status Not for loan Home library Current library Shelving location Date acquired Total Checkouts Full call number Barcode Date last seen Price effective from Koha item type
          CBU-MAIN LIBRARY, KITWE. CBU-MAIN LIBRARY, KITWE.   11/30/2022   THESIS/MUL 744653 11/30/2022 11/30/2022 MONOGRAPH